000 00425nam a2200181Ia 4500
005 20250423100252.0
008 250422s9999 xx 000 0 und d
020 _a9781774913123
050 _aTK 7871.6 .L8/
100 _aLu, Wen-Jun
245 0 _aMulti-Mode Resonant Antennas
260 _aBoca Raton
260 _bCRC Press
260 _c2023
300 _a204 p
650 _aAntennas (Electronics)
942 _cBK
999 _c32791
_d32791